Antioxidačná aktivita biomasy rakytníka rešetliakového diplomová práca

Uložené v:
Podrobná bibliografia
Hlavný autor: Nuoška, Jakub
Médium: Kniha
Jazyk:Slovak
Vydavateľské údaje: Bratislava STU FCHPT 2019
On-line prístup:View in OPAC
Tagy: Pridať tag
Žiadne tagy, Buďte prvý, kto otaguje tento záznam!

MARC

LEADER 00000nam a2200000 a 4500
005 20260127134311.0
008 190611 2019 xo a 001 0 slo d
035 |a vtls011870585 
039 9 |y 201906110930  |z mschk03 
040 |a STUSCHK1  |b slo  |c STUSCHK1  |e AACR2 
100 1 |a Nuoška, Jakub 
245 1 |a Antioxidačná aktivita biomasy rakytníka rešetliakového  |b diplomová práca  |c Jakub Nuoška 
260 |a Bratislava  |b STU FCHPT  |c 2019 
300 |a 64 s.  |b il.  |c 25 cm 
500 |a Študijný program: potraviny, hygiena, kozmetika 
500 |a Študijný odbor: potravinárstvo 
500 |a Školiace pracovisko: Ústav potravinárstva a výživy 
500 |a Evid. číslo: FCHPT-5457-63751 
910 |a SCHK95 
999 |c 9188  |d 9188